000 01070cam a22003257a 4500
003 CHAP
005 20220329141549.0
008 971013s1966 r 00010 d
010 _a70210
011 _a71182
035 _a80736
040 _cCHAP
082 _a301.36
_bA3
100 0 0 _aAdams, Robert MacC.
_9868
245 1 4 _aThe evolution of urban society
_b: early Mesopotamia and prehispanic Mexico
260 _aChicago :
_bAldine,
_c1966
300 _a191 p
_b: mapa
490 4 _aThe Lewis Henry Morgan lectures
590 _aBATCH-UPD
_b10
_c20130110
_lUCH01
_h1130
590 _aBATCH-UPD
_b10
_c20130410
_lUCH01
_h0719
590 _aBATCH-UPD
_b10
_c20130914
_lUCH01
_h1632
590 _aCONVERSION
_b10
_c20130109
_lUCH01
_h1339
650 1 4 _aIndios de México
_xCondiciones sociales.
_957626
650 1 4 _aMéxico
_xHistoria
_xEpoca prehispánica.
_976759
650 1 4 _aVida Urbana.
_9119215
830 4 _aThe Lewis Henry Morgan lectures
_9112676
901 _aBK
942 _cLIBRO
949 _a301.36 A3
_bBC
_cLIBRO
_d33724000227302
_eLIBRO
_h17152
_i80736
_si
999 _c70210
_d70210